000 00343nam a2200145Ia 4500
008 191201s2010 xx 000 0 und d
082 _a658.4038
_bOBM
100 _aO BRIEN, James
245 0 _aManagement Information Systems
250 _aRep
260 _aN. Delhi
_bTMH
_c2010
300 _a831
650 _aM.Tech (ECE)
942 _2ddc
_cBK
999 _c5026
_d5026